00223 a2200109 4500001000700000020000600007040001100013100002100024240003200045245002700077362000900104168322 a  cMagnum aCouto, Eldo Pena10aApostila de biologia ilpor10aApostila de biologia i0 a1899